<?xml version="1.0" encoding="UTF-8"?><?xml-stylesheet type="text/xsl" href="static/style.xsl"?><OAI-PMH xmlns="http://www.openarchives.org/OAI/2.0/" xmlns:xsi="http://www.w3.org/2001/XMLSchema-instance" xsi:schemaLocation="http://www.openarchives.org/OAI/2.0/ http://www.openarchives.org/OAI/2.0/OAI-PMH.xsd"><responseDate>2026-04-27T12:32:19Z</responseDate><request verb="GetRecord" identifier="oai:uvadoc.uva.es:10324/70036" metadataPrefix="marc">https://uvadoc.uva.es/oai/request</request><GetRecord><record><header><identifier>oai:uvadoc.uva.es:10324/70036</identifier><datestamp>2024-09-19T19:03:11Z</datestamp><setSpec>com_10324_38</setSpec><setSpec>col_10324_852</setSpec></header><metadata><record xmlns="http://www.loc.gov/MARC21/slim" xmlns:doc="http://www.lyncode.com/xoai" xmlns:xsi="http://www.w3.org/2001/XMLSchema-instance" xmlns:dcterms="http://purl.org/dc/terms/" xsi:schemaLocation="http://www.loc.gov/MARC21/slim http://www.loc.gov/standards/marcxml/schema/MARC21slim.xsd">
<leader>00925njm 22002777a 4500</leader>
<datafield tag="042" ind1=" " ind2=" ">
<subfield code="a">dc</subfield>
</datafield>
<datafield tag="720" ind1=" " ind2=" ">
<subfield code="a">Soto Ortega, Carla</subfield>
<subfield code="e">author</subfield>
</datafield>
<datafield tag="260" ind1=" " ind2=" ">
<subfield code="c">2024</subfield>
</datafield>
<datafield tag="520" ind1=" " ind2=" ">
<subfield code="a">El aprendizaje de la oralidad en contextos académicos se espera que tenga lugar de forma &#xd;
natural en los escolares. Los niños en su etapa de tercer curso de Educación Primaria ya tienen &#xd;
adquiridos todos los fonemas y pronuncian todos los sonidos del idioma; sin embargo, hay &#xd;
algunos casos excepcionales en la muestra de seseo y rotacismo, e incorrecciones comunes &#xd;
que se repiten en su discurso, sobre todo, pausas vacías, alargamientos fonéticos, apócopes y &#xd;
síncopas; fenómenos presentes también en el habla del adulto. La falta de experiencia comunicativa justifica la escasa fluidez verbal, expresiva. A través de la dramatización como recurso, que no es sinónimo de la práctica teatral, el maestro puede motivar la oralidad del &#xd;
alumnado, y así, mediante la práctica de la expresión, mejorar la calidad de sus intervenciones. Los conceptos de dramatización y situación de aprendizaje guardan una estrecha relación pedagógica.</subfield>
</datafield>
<datafield tag="024" ind2=" " ind1="8">
<subfield code="a">https://uvadoc.uva.es/handle/10324/70036</subfield>
</datafield>
<datafield tag="245" ind1="0" ind2="0">
<subfield code="a">La expresión oral en tercer curso de Educación Primaria a través de la dramatización</subfield>
</datafield>
</record></metadata></record></GetRecord></OAI-PMH>